General information on research & development funding schemes of central government departments/agencies (Record no. 191249)

MARC details
000 -LEADER
fixed length control field 00439nam a22001457a 4500
003 - CONTROL NUMBER IDENTIFIER
control field OSt
082 ## - DEWEY DECIMAL CLASSIFICATION NUMBER
Item number INDIA/S&T/1991
100 ## - MAIN ENTRY--PERSONAL NAME
Personal name Government of India
245 ## - TITLE STATEMENT
Title General information on research & development funding schemes of central government departments/agencies
260 ## - PUBLICATION, DISTRIBUTION, ETC. (IMPRINT)
Place of publication, distribution, etc New Delhi
Name of publisher, distributor, etc Government of India
Date of publication, distribution, etc 1991
300 ## - PHYSICAL DESCRIPTION
Extent 115p.
546 ## - LANGUAGE
Language note English
650 ## - SUBJECT ADDED ENTRY--TOPICAL TERM
Topical term or geographic name as entry element research & development funding scheme
942 ## - ADDED ENTRY ELEMENTS (KOHA)
Source of classification or shelving scheme Dewey Decimal Classification
Koha item type Report
Holdings
Lost status Source of classification or shelving scheme Damaged status Not for loan Collection code Home library Current library Shelving location Date acquired Total Checkouts Full call number Barcode Date last seen Koha item type
  Dewey Decimal Classification   Not For Loan Reference Book KAU Central Library, Thrissur KAU Central Library, Thrissur Reports 07/08/2019   INDIA/S&T/1991 800135 07/08/2019 Report
Kerala Agricultural University Central Library
Thrissur-(Dt.), Kerala Pin:- 680656, India
Ph : (+91)(487) 2372219
E-mail: librarian@kau.in
Website: http://library.kau.in/